[Event "SRI-ch Dini"]
[Site "Colombo"]
[Date "2024.08.01"]
[Round "6"]
[White "Hettiarachchi, Jeewantha Aloka"]
[Black "Hamidi, Amir Mohammad"]
[Result "0-1"]
[WhiteElo "1731"]
[BlackElo "2209"]
[PlyCount "140"]
[EventDate "2024.07.29"]
[EventType "swiss"]
[EventRounds "10"]
[EventCountry "SRI"]
[SourceTitle "CBM 221 Extra"]
[Source "ChessBase"]
[SourceDate "2024.09.30"]
[SourceVersion "1"]
[SourceVersionDate "2024.09.30"]
[SourceQuality "1"]

1. c4 d6 2. Nc3 g6 3. g3 Bg7 4. Bg2 Nc6 5. e4 e5 6. Nge2 Be6 7. d3 Qd7 8. Nd5 Nd8 9. f4 h5 10. Qc2 c6 11. Ne3 Ne7 12. Nc3 Rc8 13. Qe2 b5 14. cxb5 cxb5 15. Ned5 exf4 16. Bxf4 b4 17. Nxb4 Rxc3 18. bxc3 Bxc3+ 19. Kf2 Bxb4 20. Qb2 Bc5+ 21. Ke1 Rg8 22. d4 Bb6 23. d5 Bh3 24. Bxh3 Qxh3 25. Bxd6 Nb7 26. Bxe7 Kxe7 27. Qe5+ Kd7 28. Qf6 Nd6 29. e5 Ba5+ 30. Ke2 Qg2+ 31. Qf2 Qxf2+ 32. Kxf2 Nc4 33. e6+ fxe6 34. dxe6+ Kxe6 35. Rac1 Ne5 36. Kg2 Rd8 37. Rhd1 Rd5 38. Rxd5 Kxd5 39. Rc8 Bb6 40. h3 Bd4 41. Kf1 Bc5 42. Ke2 Kc4 43. Rc7 a5 44. Rc8 Kb4 45. Rd8 Kc4 46. Rc8 a4 47. a3 Kb5 48. Re8 Nd7 49. Kd3 Bxa3 50. Rg8 Bd6 51. Kc2 Ne5 52. Kb2 a3+ 53. Kb3 Kc6 54. Ra8 Kd5 55. Ra4 Nd3 56. Ra5+ Ke4 57. g4 h4 58. Ka2 g5 59. Ra8 Kf3 60. Kb1 Nf4 61. Rd8 Be5 62. Rf8 Ke4 63. Ra8 Bb2 64. Re8+ Kf3 65. Rf8 Kg3 66. Rf5 Nxh3 67. Rb5 Kxg4 68. Rb4+ Nf4 69. Rb8 h3 70. Rg8 h2 0-1

[Event "Titled Tuesday intern op 21st May Late"]
[Site "Chess.com INT"]
[Date "2024.05.21"]
[Round "5"]
[White "Goroshkov, Maksym"]
[Black "Hamidi, Amir Mohammad"]
[Result "0-1"]
[WhiteElo "2371"]
[BlackElo "2209"]
[PlyCount "182"]
[EventDate "2024.05.21"]
[EventType "swiss (blitz)"]
[EventRounds "11"]
[EventCountry "USA"]
[SourceTitle "CBM 220 Extra"]
[Source "ChessBase"]
[SourceDate "2024.07.31"]
[SourceVersion "1"]
[SourceVersionDate "2024.07.31"]
[SourceQuality "1"]

1. e4 e6 2. d4 d5 3. exd5 exd5 4. c4 Nf6 5. Nc3 Be7 6. Nf3 0-0 7. Be2 Bg4 8. 0-0 Nc6 9. Be3 dxc4 10. Bxc4 Bd6 11. h3 Bh5 12. Be2 Re8 13. d5 Bxf3 14. Bxf3 Ne5 15. Be4 Nc4 16. Bg5 h6 17. Bxf6 Qxf6 18. Qe2 b5 19. Rfe1 a6 20. Qc2 Kh8 21. Bd3 Ne5 22. Ne4 Qf4 23. Nxd6 cxd6 24. Re4 Qf6 25. Rae1 Rec8 26. Qe2 Nxd3 27. Qxd3 Qxb2 28. Re7 Rc1 29. Rxc1 Qxc1+ 30. Kh2 Kg8 31. Qf5 Rf8 32. Rd7 Qc5 33. Qf4 Qxd5 34. Rxd6 Qxa2 35. Qg3 Kh8 36. Qe5 f6 37. Qe7 Ra8 38. Qb7 Qg8 39. Rd7 Qb8+ 40. g3 Qxb7 41. Rxb7 Rc8 42. Rb6 Rc2 43. Rxa6 Rxf2+ 44. Kg1 Rb2 45. Rb6 Kh7 46. g4 Kg6 47. Rb7 h5 48. gxh5+ Kh6 49. h4 b4 50. Kf1 b3 51. Rb5 Rh2 52. Kg1 Rh3 53. Kg2 Rxh4 54. Rxb3 Rxh5 55. Rb7 g5 56. Kf3 Kg6 57. Kg4 Rh4+ 58. Kg3 Ra4 59. Rb5 f5 60. Rb8 Ra3+ 61. Kg2 Kh5 62. Rb4 f4 63. Rb2 Kg4 64. Kh2 Kh4 65. Rf2 Rb3 66. Kg2 Kg4 67. Rc2 Rb5 68. Ra2 Kf5 69. Ra7 g4 70. Kf2 g3+ 71. Ke1 Re5+ 72. Kf1 f3 73. Rf7+ Kg4 74. Rg7+ Rg5 75. Rf7 Rf5 76. Rg7+ Kf4 77. Rg8 Re5 78. Rf8+ Ke3 79. Rg8 g2+ 80. Kg1 Ke2 81. Rf8 Re4 82. Rf7 Ke1 83. Rf8 Ke2 84. Rf7 Rh4 85. Re7+ Kd3 86. Rg7 Rh1+ 87. Kf2 Rf1+ 88. Kg3 g1Q+ 89. Kh3 Qxg7 90. Kh2 Rh1+ 91. Kxh1 Qg2# 0-1

[Event "Titled Tuesday intern op 21st May Late"]
[Site "Chess.com INT"]
[Date "2024.05.21"]
[Round "6"]
[White "Hamidi, Amir Mohammad"]
[Black "Aliyev, Ravan"]
[Result "1-0"]
[WhiteElo "2209"]
[BlackElo "2352"]
[PlyCount "101"]
[EventDate "2024.05.21"]
[EventType "swiss (blitz)"]
[EventRounds "11"]
[EventCountry "USA"]
[SourceTitle "CBM 220 Extra"]
[Source "ChessBase"]
[SourceDate "2024.07.31"]
[SourceVersion "1"]
[SourceVersionDate "2024.07.31"]
[SourceQuality "1"]

1. d4 Nf6 2. c4 e6 3. Nc3 Bb4 4. e3 0-0 5. Nge2 c6 6. a3 Ba5 7. c5 Bc7 8. g3 d5 9. cxd6 Bxd6 10. Bg2 e5 11. 0-0 exd4 12. Nxd4 Bg4 13. Qc2 Re8 14. h3 Bh5 15. Nf5 Bf8 16. e4 Nbd7 17. g4 Bg6 18. Bg5 Qb6 19. Be3 Qa5 20. b4 Qe5 21. f4 Qc7 22. Rfe1 a5 23. Rab1 axb4 24. axb4 c5 25. b5 c4 26. e5 Bc5 27. Bxc5 Qxc5+ 28. Qf2 Qxf2+ 29. Kxf2 Ra3 30. Rbc1 Nc5 31. Bf1 Nfd7 32. Bxc4 h5 33. Nd6 hxg4 34. Nxe8 Bd3 35. Nd6 Bxc4 36. Nxc4 Nd3+ 37. Ke2 Nxc1+ 38. Rxc1 Rb3 39. Nd2 Rb4 40. hxg4 Rxf4 41. Nf3 Rxg4 42. Ke3 Rc4 43. Ne2 Rb4 44. Rc7 Nb6 45. Nc3 Nc4+ 46. Kd3 Na5 47. Ng5 g6 48. Nxf7 g5 49. Nxg5 Kf8 50. Nd5 Ke8 51. Nxb4 1-0

[Event "Titled Tuesday intern op 21st May Late"]
[Site "Chess.com INT"]
[Date "2024.05.21"]
[Round "7"]
[White "Hamidi, Amir Mohammad"]
[Black "Obregon Rivero, Juan Carlos"]
[Result "1/2-1/2"]
[WhiteElo "2209"]
[BlackElo "2483"]
[PlyCount "41"]
[EventDate "2024.05.21"]
[EventType "swiss (blitz)"]
[EventRounds "11"]
[EventCountry "USA"]
[SourceTitle "CBM 220 Extra"]
[Source "ChessBase"]
[SourceDate "2024.07.31"]
[SourceVersion "1"]
[SourceVersionDate "2024.07.31"]
[SourceQuality "1"]

1. d4 Nf6 2. c4 g6 3. Nc3 Bg7 4. e4 0-0 5. f3 d6 6. Be3 c5 7. Nge2 cxd4 8. Nxd4 Nc6 9. Qd2 Nxd4 10. Bxd4 Bd7 11. Be2 Bc6 12. 0-0 a5 13. b3 Nd7 14. Be3 Nc5 15. Rac1 Qb6 16. Rc2 Rfc8 17. Rb1 Qb4 18. Qc1 Qb6 19. Qd2 Qb4 20. Qc1 Qb6 21. Qd2 1/2-1/2

[Event "Titled Tuesday intern op 07th May Late"]
[Site "Chess.com INT"]
[Date "2024.05.07"]
[Round "10"]
[White "Goryachkina, Aleksandra"]
[Black "Hamidi, Amir Mohammad"]
[Result "0-1"]
[WhiteElo "2545"]
[BlackElo "2209"]
[PlyCount "78"]
[EventDate "2024.05.07"]
[EventType "swiss (blitz)"]
[EventRounds "11"]
[EventCountry "USA"]
[SourceTitle "EXT 2025"]
[Source "ChessBase"]
[SourceDate "2024.10.14"]
[SourceVersion "1"]
[SourceVersionDate "2024.10.14"]
[SourceQuality "1"]

1. e4 c5 2. Nf3 d6 3. Bb5+ Nd7 4. 0-0 a6 5. Bxd7+ Bxd7 6. c3 Nf6 7. Re1 e5 8. d4 Qc7 9. Bg5 Be7 10. Nbd2 b5 11. Nf1 0-0 12. Ng3 Rfe8 13. h3 Rad8 14. Qd2 Bc8 15. d5 a5 16. a4 b4 17. c4 Kh8 18. b3 Ng8 19. Be3 Rf8 20. Qd3 g6 21. Nd2 f5 22. exf5 gxf5 23. f4 e4 24. Qe2 Bf6 25. Rad1 h6 26. Nh5 Kh7 27. Nxf6+ Nxf6 28. Nf1 Rg8 29. Bc1 Rg6 30. Bb2 Rdg8 31. Ne3 Qf7 32. Kh1 Rg3 33. Bxf6 Qxf6 34. Kh2 Qh4 35. Rf1 Bd7 36. Rf2 Qf6 37. Re1 Be8 38. Rb1 R3g7 39. Nf1 Bh5 0-1

[Event "Titled Tuesday intern op 07th May Late"]
[Site "Chess.com INT"]
[Date "2024.05.07"]
[Round "8"]
[White "Hamidi, Amir Mohammad"]
[Black "Andreikin, Dmitry"]
[Result "0-1"]
[WhiteElo "2209"]
[BlackElo "2729"]
[PlyCount "104"]
[EventDate "2024.05.07"]
[EventType "swiss (blitz)"]
[EventRounds "11"]
[EventCountry "USA"]
[SourceTitle "EXT 2025"]
[Source "ChessBase"]
[SourceDate "2024.10.14"]
[SourceVersion "1"]
[SourceVersionDate "2024.10.14"]
[SourceQuality "1"]

1. d4 Nf6 2. c4 g6 3. f3 Bg7 4. e4 0-0 5. Nc3 d6 6. Be3 Nc6 7. Qd2 e5 8. Nge2 exd4 9. Nxd4 Re8 10. Be2 Nh5 11. 0-0 Nxd4 12. Bxd4 Nf4 13. Kh1 Qg5 14. g3 Bxd4 15. Qxd4 Nxe2 16. Nxe2 b6 17. Nc3 Bb7 18. Rae1 Qc5 19. Qxc5 bxc5 20. Kg2 Kg7 21. Re2 Bc6 22. b3 a5 23. a4 Rab8 24. Rb1 f5 25. Kf2 fxe4 26. fxe4 Re7 27. Ke3 Rbe8 28. Kd3 Rf7 29. Rbe1 Rb8 30. Kc2 Rf3 31. e5 dxe5 32. Rxe5 Rd8 33. R1e3 Rxe3 34. Rxe3 Kf6 35. Re2 h5 36. Rf2+ Ke6 37. Rd2 Rd6 38. Nb5 Be4+ 39. Kc3 Rxd2 40. Kxd2 c6 41. Nc3 Kf5 42. Nd1 Kg4 43. Nf2+ Kf3 44. Nh3 Kg2 45. Nf4+ Kxh2 46. Ke3 Bc2 47. Kf2 Bxb3 48. Nxg6 Bxa4 49. Ne5 Bd1 50. Nd3 a4 51. Nb2 a3 52. Nxd1 a2 0-1

[Event "Titled Tuesday intern op 07th May Late"]
[Site "Chess.com INT"]
[Date "2024.05.07"]
[Round "6"]
[White "Martinez Ramirez, Lennis"]
[Black "Hamidi, Amir Mohammad"]
[Result "1/2-1/2"]
[WhiteElo "2454"]
[BlackElo "2209"]
[PlyCount "72"]
[EventDate "2024.05.07"]
[EventType "swiss (blitz)"]
[EventRounds "11"]
[EventCountry "USA"]
[SourceTitle "EXT 2025"]
[Source "ChessBase"]
[SourceDate "2024.10.14"]
[SourceVersion "1"]
[SourceVersionDate "2024.10.14"]
[SourceQuality "1"]

1. d4 Nf6 2. Nf3 e6 3. c4 Bb4+ 4. Bd2 Qe7 5. Qc2 Bxd2+ 6. Nbxd2 d6 7. e4 e5 8. d5 a5 9. h3 Na6 10. a3 0-0 11. Be2 Bd7 12. 0-0 a4 13. Nb1 Nc5 14. Nc3 Nh5 15. Rae1 Nf4 16. Kh2 f5 17. exf5 Bxf5 18. Qd1 Rf6 19. Ng1 Raf8 20. Nxa4 Nxa4 21. Qxa4 Rg6 22. g3 Bxh3 23. Nxh3 Rh6 24. gxf4 Rxf4 25. Qb3 Rfh4 26. Rg1 Qf6 27. Ref1 Qf4+ 28. Kg2 Rxh3 29. Qxh3 Rxh3 30. Kxh3 Qh6+ 31. Kg2 Qg5+ 32. Kh3 Qh6+ 33. Kg3 Qf4+ 34. Kg2 Qg5+ 35. Kh2 Qh4+ 36. Kg2 Qg5+ 1/2-1/2

[Event "Titled Tuesday intern op 26th Mar Late"]
[Site "Chess.com INT"]
[Date "2024.03.26"]
[Round "4"]
[White "Hamidi, Amir Mohammad"]
[Black "Hajiyev, Kanan"]
[Result "1-0"]
[WhiteElo "2204"]
[BlackElo "2104"]
[PlyCount "161"]
[EventDate "2024.03.26"]
[EventType "swiss (blitz)"]
[EventRounds "11"]
[EventCountry "USA"]
[SourceTitle "EXT 2025"]
[Source "ChessBase"]
[SourceDate "2024.10.14"]
[SourceVersion "1"]
[SourceVersionDate "2024.10.14"]
[SourceQuality "1"]

1. d4 d5 2. c4 c6 3. Nf3 Nf6 4. Nc3 a6 5. a4 g6 6. Bg5 Bg7 7. e3 0-0 8. h3 Ne4 9. Bf4 Nd7 10. cxd5 Nxc3 11. bxc3 cxd5 12. Qb3 e6 13. Be2 Nb8 14. Bxb8 Rxb8 15. Bxa6 Qc7 16. Bb5 Bd7 17. Bxd7 Qxd7 18. c4 dxc4 19. Qxc4 Rfc8 20. Qb3 b5 21. 0-0 bxa4 22. Qxa4 Qxa4 23. Rxa4 Rb7 24. Rfa1 h6 25. Ra8 Rxa8 26. Rxa8+ Kh7 27. g4 g5 28. Kg2 Rb2 29. Ra7 Kg6 30. Ra6 Kh7 31. Ne1 Rd2 32. Nf3 Rd1 33. h4 gxh4 34. Nxh4 Bf6 35. Nf3 Kg6 36. Ra2 h5 37. g5 Bg7 38. Ra5 Rb1 39. Nh4+ Kh7 40. Ra6 Rb5 41. f4 Rb3 42. Kf2 Rb2+ 43. Kf3 Rb3 44. Ke4 Rb1 45. g6+ fxg6 46. Rxe6 Rg1 47. Nf3 Rd1 48. f5 gxf5+ 49. Kxf5 h4 50. Ng5+ Kg8 51. Re8+ Bf8 52. Ne6 Rf1+ 53. Kg4 Rg1+ 54. Kxh4 Kf7 55. Rxf8+ Kxe6 56. Rf4 Kd5 57. Rg4 Re1 58. Rg5+ Kd6 59. Re5 Rg1 60. Kh3 Rg6 61. Kh4 Rg7 62. Rg5 Re7 63. Rg3 Rh7+ 64. Kg4 Kd5 65. Kf3 Rf7+ 66. Ke2 Ke4 67. Rg4+ Kd5 68. Rg5+ Kc4 69. Rc5+ Kb4 70. Kd3 Rh7 71. Rc1 Rh2 72. d5 Rh5 73. e4 Rh3+ 74. Kd4 Rh2 75. Rb1+ Ka5 76. d6 Rd2+ 77. Ke5 Re2 78. d7 Rd2 79. Ke6 Ka4 80. e5 Rd1 81. Rxd1 1-0

[Event "Titled Tuesday intern op 26th Mar Late"]
[Site "Chess.com INT"]
[Date "2024.03.26"]
[Round "7"]
[White "Hamidi, Amir Mohammad"]
[Black "Kurchenko, Egor"]
[Result "0-1"]
[WhiteElo "2204"]
[BlackElo "2308"]
[PlyCount "82"]
[EventDate "2024.03.26"]
[EventType "swiss (blitz)"]
[EventRounds "11"]
[EventCountry "USA"]
[SourceTitle "EXT 2025"]
[Source "ChessBase"]
[SourceDate "2024.10.14"]
[SourceVersion "1"]
[SourceVersionDate "2024.10.14"]
[SourceQuality "1"]

1. d4 d5 2. c4 e6 3. Nc3 c6 4. e4 dxe4 5. Nxe4 Bb4+ 6. Nc3 e5 7. a3 Ba5 8. Be3 exd4 9. Qxd4 Qxd4 10. Bxd4 Nf6 11. 0-0-0 0-0 12. h3 Nbd7 13. Nge2 Bb6 14. Ng3 Bxd4 15. Rxd4 Nc5 16. Kc2 a5 17. b3 Be6 18. Be2 b5 19. b4 axb4 20. axb4 Na4 21. Ra1 Nxc3 22. Rxa8 Rxa8 23. Kxc3 bxc4 24. Bxc4 Nd5+ 25. Bxd5 Bxd5 26. Rg4 Bxg2 27. Nf5 Bxh3 28. Rxg7+ Kf8 29. Rg5 f6 30. Rh5 Bg4 31. Rxh7 Ra3+ 32. Kb2 Bxf5 33. Rc7 Ra6 34. Kc3 Ke8 35. Kd4 Bd7 36. Rb7 Ke7 37. f4 Ra2 38. Rb8 Rd2+ 39. Ke3 Rb2 40. Kd4 Kd6 41. Rf8 Rxb4+ 0-1

[Event "Titled Tuesday intern op 19th Dec Late"]
[Site "Chess.com INT"]
[Date "2023.12.19"]
[Round "1"]
[White "Hamidi, Amir Mohammad"]
[Black "Novak, Ratko"]
[Result "0-1"]
[WhiteElo "2195"]
[BlackElo "2037"]
[PlyCount "104"]
[EventDate "2023.12.19"]
[EventType "swiss (blitz)"]
[EventRounds "11"]
[EventCountry "USA"]
[SourceTitle "EXT 2025"]
[Source "ChessBase"]
[SourceDate "2024.10.14"]
[SourceVersion "1"]
[SourceVersionDate "2024.10.14"]
[SourceQuality "1"]

1. Nf3 d5 2. c4 d4 3. b4 c5 4. b5 f6 5. d3 e5 6. g3 Bd6 7. Bg2 Ne7 8. e3 Kf8 9. exd4 cxd4 10. 0-0 g6 11. Re1 Kg7 12. Nbd2 Nd7 13. a4 Rb8 14. a5 b6 15. axb6 axb6 16. Ba3 Bxa3 17. Rxa3 Nc5 18. Ne4 Nxe4 19. Rxe4 Bb7 20. Re1 Re8 21. Ra7 Kh8 22. Nxe5 fxe5 23. Rxb7 Rxb7 24. Bxb7 Nf5 25. Be4 Qd6 26. Bxf5 gxf5 27. Qh5 Qg6 28. Qxg6 hxg6 29. f3 Kg7 30. Kf2 Kf6 31. Ra1 e4 32. fxe4 fxe4 33. dxe4 Rxe4 34. Ra6 Re6 35. Ra3 g5 36. Rd3 Ke5 37. Rd1 Rd6 38. Kf3 Rf6+ 39. Kg4 Rf2 40. h4 gxh4 41. Kxh4 Rc2 42. Re1+ Kd6 43. g4 Kc5 44. g5 Rg2 45. Rc1 d3 46. Kh5 d2 47. Ra1 Kxc4 48. g6 Kxb5 49. Kh6 Kc4 50. g7 Kc3 51. Kh5 Rxg7 52. Rg1 Rxg1 0-1

[Event "Titled Tuesday intern op 19th Dec Late"]
[Site "Chess.com INT"]
[Date "2023.12.19"]
[Round "5"]
[White "Hernandez Santos, David Alejandro"]
[Black "Hamidi, Amir Mohammad"]
[Result "1-0"]
[WhiteElo "1430"]
[BlackElo "2195"]
[PlyCount "73"]
[EventDate "2023.12.19"]
[EventType "swiss (blitz)"]
[EventRounds "11"]
[EventCountry "USA"]
[SourceTitle "EXT 2025"]
[Source "ChessBase"]
[SourceDate "2024.10.14"]
[SourceVersion "1"]
[SourceVersionDate "2024.10.14"]
[SourceQuality "1"]

1. d4 Nf6 2. Nc3 d5 3. Bf4 g6 4. e3 c5 5. h4 Bg7 6. h5 Nxh5 7. Rxh5 gxh5 8. Qxh5 cxd4 9. exd4 Be6 10. Nb5 Na6 11. 0-0-0 Qa5 12. a3 Rc8 13. Nxa7 Ra8 14. Nb5 Qb6 15. Nf3 Kf8 16. Ng5 Rc8 17. Kb1 Qc6 18. Bd3 h6 19. Nxe6+ Qxe6 20. Bf5 Qc6 21. Bxc8 Qxc8 22. Qxd5 Bf6 23. Be5 Qg4 24. f3 Qg5 25. Qxb7 Bxe5 26. dxe5 Nc5 27. Qc8+ Kg7 28. Qxc5 Rb8 29. Nc3 e6 30. Qc7 Rf8 31. g4 h5 32. gxh5 Qxh5 33. Qe7 Qf5 34. Rg1+ Kh8 35. Qh4+ Qh7 36. Qf6+ Qg7 37. Qxg7# 1-0

[Event "Titled Tuesday intern op 05th Dec Late"]
[Site "Chess.com INT"]
[Date "2023.12.05"]
[Round "4"]
[White "Kashefi, Amir Hossein"]
[Black "Hamidi, Amir Mohammad"]
[Result "0-1"]
[WhiteElo "2185"]
[BlackElo "2195"]
[PlyCount "138"]
[EventDate "2023.12.05"]
[EventType "swiss (blitz)"]
[EventRounds "11"]
[EventCountry "USA"]
[SourceTitle "EXT 2025"]
[Source "ChessBase"]
[SourceDate "2024.10.14"]
[SourceVersion "1"]
[SourceVersionDate "2024.10.14"]
[SourceQuality "1"]

1. d4 c5 2. e3 Nf6 3. Nf3 g6 4. b3 Bg7 5. Bb2 0-0 6. Nbd2 d5 7. dxc5 Qa5 8. Be2 Qxc5 9. 0-0 Nc6 10. a3 Bg4 11. Rc1 Rad8 12. c4 dxc4 13. Rxc4 Qb6 14. Bxf6 Bxf3 15. Bxf3 Bxf6 16. Bxc6 bxc6 17. Qc2 Qb7 18. Ne4 Bg7 19. b4 a5 20. bxa5 Ra8 21. Rxc6 Rxa5 22. Rc7 Qa6 23. a4 Re5 24. Rc4 h6 25. Rd1 Ra8 26. g3 Ra5 27. Nc5 Qf6 28. Nd7 Qf3 29. Rc1 h5 30. Qb3 e6 31. Rf4 Qe2 32. Qb7 Qa6 33. Qxa6 R5xa6 34. Rcc4 g5 35. Rf3 Rxa4 36. Rc7 R4a7 37. Rxa7 Rxa7 38. Nf6+ Bxf6 39. Rxf6 Kg7 40. Rf3 Ra4 41. Kg2 Kg6 42. h3 e5 43. e4 Rxe4 44. Ra3 f6 45. Ra8 Rb4 46. Rg8+ Kf7 47. Ra8 h4 48. Ra7+ Kg6 49. gxh4 Rxh4 50. Ra8 Rb4 51. Rg8+ Kf5 52. Ra8 Rb2 53. Re8 e4 54. Re7 Kf4 55. Re6 f5 56. Re8 Re2 57. Kf1 Ra2 58. Kg2 Ra3 59. Re6 e3 60. Re7 exf2 61. Re2 Rg3+ 62. Kxf2 Rxh3 63. Re8 Rh2+ 64. Kg1 Ra2 65. Re2 Rxe2 66. Kf1 Ra2 67. Kg1 Kf3 68. Kh1 Kg3 69. Kg1 Ra1# 0-1